| 000 | 00511nam a22001697a 4500 | ||
|---|---|---|---|
| 999 |
_c63925 _d63925 |
||
| 005 | 20260223153702.0 | ||
| 008 | 260223s2017 gw ||||| |||| 00| 0 goh d | ||
| 020 | _a 9783823380269x | ||
| 041 | _agoh | ||
| 080 | _a811.353.1'36-112 H-73 | ||
| 100 |
_aHoffman, M. _926949 |
||
| 245 |
_aStil und Text: _bEine Einführung / _cMichael Hoffmann. |
||
| 264 |
_aDischingerweg : _bNarr Dr. Gunter, _c2017. |
||
| 300 |
_a267 p. _b24 cm. |
||
| 653 | _aგერმანული ენა | ||
| 942 |
_2udc _cᲬᲘᲒᲜᲘ |
||